000 00774nam a2200181 i 4500
001 165374
003 ES-MaACL
005 20231229063052.0
008 981028s1886 sp |||| | spa d
040 _aCCPB | B
_bspa
_cCCPB | B
100 1 _aSilvela, Francisco,
_d1845-1905
_9106425
245 1 0 _aDiscursos pronunciados en el Senado y Congreso de los Diputados durante la legislatura de 1884 á 1885 /
_cpor el excmo. señor D. Francisco Silvela ... ; publícanlos varios diputados.
260 _aMadrid :
_b[s.n.],
_c1886 (
_fImp. y Fundición de M. Tello)
300 _a640 p. ;
_c18 cm.
651 4 _aEspaña-
_xPolítica y gobierno-
_y1885-1902.
_9164011
852 _aES-MaACL
_jF-9823
_z-- Enc. hol. conservando la cub. original
999 _c165374
_d165374